000 00590cam a2200253 4500
008 090401t1998 xxu||||| |||| 00| 0 eng d
020 _a0406996822
035 _a(Sirsi) u88947
041 _aeng
050 _a340.0942
100 _aWard, Richard
245 _aWalker and Walker`s English legal system.
250 _a8th ed.
260 _aLondon
_bButterworths
_c1998
300 _alx,610p. ; 25cm.
350 _a23.95
650 _aCIVIL LAW
650 _aCRIMINAL LAW
650 _aLAW
650 _aLEGAL SYSTEM
690 _aLAW
942 _n0
948 _c13/10/1998
999 _c97406
_d97406